| 000 | 00770nam a22002057a 4500 | ||
|---|---|---|---|
| 999 |
_c2047 _d2047 |
||
| 003 | AR-CdUCM | ||
| 008 | 190228b ||||| |||| 00| 0 spa d | ||
| 040 |
_aMUNICIPALIDAD PROVINCIAL DEL CUSCO _cBIBLIOTECA MUNICIPAL DEL CUSCO |
||
| 082 |
_a498.51 / _bS19 |
||
| 100 |
_aSamanez Florez, David _97413 |
||
| 245 | _aGramática del quechua del Qosqo / | ||
| 260 |
_aPerú : _bMercantil, _c1996. |
||
| 300 |
_a235 paginas ; _c20 cm. |
||
| 505 | _aContenido: Generalidades -- Origen de la lengua quechua -- Condiciones para el nacimiento, desarrollo, expansión de una lengua -- Sinopsis histórica de las culturas del Qosqo ... | ||
| 650 |
_aIdioma _93027 |
||
| 650 |
_aBilinguismo _97414 |
||
| 650 |
_aEtimologia _977 |
||
| 942 |
_2ddc _cLIBROS |
||
| 945 |
_arjall _d2019-02-28 |
||